|
|
|
|
| LEADER |
01174nam a2200313 a 4500 |
| 001 |
000454075 |
| 003 |
CZ BrMZK |
| 005 |
20090302081609.0 |
| 007 |
ta |
| 008 |
010907s1999 xr e p cze d |
| 020 |
|
|
|a 80-213-0557-6
|
| 040 |
|
|
|a BOA001
|b cze
|
| 080 |
|
|
|a 004.3
|2 MRF
|
| 080 |
|
|
|a 004.2
|2 MRF
|
| 080 |
|
|
|a (075.8)
|2 MRF
|
| 100 |
1 |
|
|a Veselý, Arnošt
|7 ola2003206340
|4 aut
|
| 245 |
1 |
0 |
|a Výpočetní systémy.
|n 2 /
|c Arnošt Veselý
|
| 250 |
|
|
|a Vyd. 1.
|
| 260 |
|
|
|a Praha :
|b Credit,
|c 1999
|
| 300 |
|
|
|a 166 s. ;
|c 29 cm
|
| 500 |
|
|
|a Vyd. Česká zeměd. univerzita v Praze. - Určeno pro posl. oboru Info. - Bibliogr.
|
| 650 |
0 |
7 |
|a hardware
|7 ph114652
|2 czenas
|
| 650 |
0 |
7 |
|a počítačová architektura
|7 ph124502
|2 czenas
|
| 655 |
|
7 |
|a učebnice vysokých škol
|7 fd133772
|2 czenas
|
| 710 |
2 |
|
|a Česká zemědělská univerzita v Praze.
|b Provozně ekonomická fakulta
|7 kn20010725055
|
| 910 |
|
|
|a BOA001
|b 4-1049.740,2
|
| 990 |
|
|
|a BK
|
| 996 |
6 |
|
|b 2610105619
|c 4-1049.740,2
|l MZK
|r Sklad / do 1 hodiny
|n 1
|p p.v.
|w 000454075
|u 000010
|a 1
|e BOA001
|j MZK50
|s P
|
| 996 |
7 |
|
|b 2610175842
|c 4-1049.740,2
|l MZK
|r Sklad / do 1 hodiny
|n 2
|p p.v.
|w 000454075
|u 000020
|a 1
|e BOA001
|j MZK50
|s A
|